00354 a2200109 4500001001000000005001700010008004100027245007600068100002300144773006000167999001700227ART_5124320260410161945.0260409a 10aLa discapacidad mental ante el procedimiento administrativo previsional1 aCarnota, Walter F.0 tTemas de derecho laboralg- N° 9 (sep. 2020)wREV27619 c29889d29889